Paper Mario All Badges - Statistics

General Stats
  • This quiz has been taken 30 times
  • The average score is 80 of 112
Answer Stats
Answer Game % Correct
Happy Flower Both
100%
Happy Heart Both
100%
L Emblem TTYD
100%
Mega Rush Both
100%
Power Bounce Both
100%
W Emblem TTYD
100%
Attack FX B Both
92%
Attack FX C 64
92%
Attack FX D 64
92%
Attack FX E 64
92%
Attack FX G TTYD
92%
Double Dip Both
92%
Fire Drive TTYD
92%
FP Plus Both
92%
Hammer Throw Both
92%
Happy Heart P TTYD
92%
HP Plus Both
92%
Ice Smash TTYD
92%
Mega Jump 64
92%
Mega Rush P TTYD
92%
Power Plus Both
92%
Power Rush Both
92%
Power Smash Both
92%
Quick Change Both
92%
Sleep Stomp/Sleepy Stomp Both
92%
Spike Shield Both
92%
Attack FX A 64
85%
Attack FX P TTYD
85%
Attack FX R TTYD
85%
Attack FX Y TTYD
85%
Charge TTYD
85%
Charge P TTYD
85%
Damage Dodge Both
85%
Damage Dodge P TTYD
85%
Double Dip P TTYD
85%
Flower Finder Both
85%
Hammerman TTYD
85%
HP Plus P TTYD
85%
Jumpman TTYD
85%
Mega Smash 64
85%
P-Down, D-Up Both
85%
Piercing Blow TTYD
85%
Power Jump Both
85%
Power Plus P TTYD
85%
Power Quake 64
85%
Power Rush P TTYD
85%
P-Up, D-Down Both
85%
Quake Hammer Both
85%
Return Postage TTYD
85%
Shrink Stomp Both
85%
Super Appeal TTYD
85%
Tornado Jump TTYD
85%
Close Call Both
77%
Close Call P TTYD
77%
Flower Saver Both
77%
Ice Power Both
77%
Mega Quake 64
77%
Multibounce Both
77%
Pretty Lucky Both
77%
Pretty Lucky P TTYD
77%
Refund Both
77%
Slow Go Both
77%
Super Appeal P TTYD
77%
Zap Tap Both
77%
All or Nothing Both
69%
Chill Out Both
69%
Head Rattle TTYD
69%
Heart finder Both
69%
HP Drain Both
69%
Item Hog TTYD
69%
Money Money Both
69%
P-Down, D-Up P TTYD
69%
P-Up, D-Down P TTYD
69%
Simplifier TTYD
69%
Soft Stomp TTYD
69%
Unsimplifier TTYD
69%
Double Pain TTYD
62%
Feeling Fine Both
62%
Feeling Fine P TTYD
62%
Flower Saver P TTYD
62%
Lucky Day Both
62%
Lucky Start TTYD
62%
Peekaboo Both
62%
Triple Dip 64
62%
Bump Attack Both
54%
D-Down Jump 64
54%
D-Down Pound 64
54%
Deep Focus 64
54%
Dizzy Stomp 64
54%
First Attack Both
54%
Group Focus 64
54%
HP Drain P TTYD
54%
Jump Charge 64
54%
Last Stand Both
54%
Last Stand P TTYD
54%
Pity Flower TTYD
54%
Timing Tutor TTYD
46%
Dizzy Attack 64
38%
Dodge Master 64
38%
FP Drain TTYD
38%
S. Jump Charge 64
38%
Smash Charge 64
38%
S. Smash Charge 64
38%
Defend Plus Both
31%
Defend Plus P TTYD
31%
Speedy Spin 64
31%
Spin Attack 64
31%
Fire Shield 64
23%
I Spy 64
23%
Pay-Off 64
15%
Runaway Pay 64
15%
Spin Smash 64
15%
No matching quizzes found
Score Distribution
Percent of People with Each Score
Percentile by Number Answered
Your Score History
You have not taken this quiz